INTRODUCTION TO INTERPRETATION OF STATUTES (Record no. 14830)
[ view plain ]
| 000 -LEADER | |
|---|---|
| fixed length control field | 00361nam a22001457a 4500 |
| 003 - CONTROL NUMBER IDENTIFIER | |
| control field | OSt |
| 005 - DATE AND TIME OF LATEST TRANSACTION | |
| control field | 20211026085444.0 |
| 008 - FIXED-LENGTH DATA ELEMENTS--GENERAL INFORMATION | |
| fixed length control field | 211026b |||||||| |||| 00| 0 eng d |
| 040 ## - CATALOGING SOURCE | |
| Original cataloging agency | HU |
| Transcribing agency | DDC |
| 082 ## - DEWEY DECIMAL CLASSIFICATION NUMBER | |
| Classification number | 348.022 |
| 245 ## - TITLE STATEMENT | |
| Title | INTRODUCTION TO INTERPRETATION OF STATUTES |
| 260 ## - PUBLICATION, DISTRIBUTION, ETC. | |
| Place of publication, distribution, etc. | NEW DELHI |
| Name of publisher, distributor, etc. | WADHWA |
| Date of publication, distribution, etc. | 2005 |
| 300 ## - PHYSICAL DESCRIPTION | |
| Extent | lvi,335,P,22CM |
| 942 ## - ADDED ENTRY ELEMENTS (KOHA) | |
| Source of classification or shelving scheme | Dewey Decimal Classification |
| Koha item type | Books like text book referance book |
| Suppress in OPAC | No |
| Withdrawn status | Lost status | Source of classification or shelving scheme | Damaged status | Not for loan | Home library | Current library | Shelving location | Date acquired | Total Checkouts | Full call number | Barcode | Date last seen | Copy number | Price effective from | Koha item type |
|---|---|---|---|---|---|---|---|---|---|---|---|---|---|---|---|
| Dewey Decimal Classification | Law & Governance lLbrary | Law & Governance lLbrary | General Stacks | 10/26/2021 | 348.022 | LGCLIB00005467 | 10/26/2021 | C2 | 10/26/2021 | Books like text book referance book | |||||
| Dewey Decimal Classification | Law & Governance lLbrary | Law & Governance lLbrary | General Stacks | 10/26/2021 | 348.022/SIN | LGCLIB00005466 | 10/26/2021 | C3 | 10/26/2021 | Books like text book referance book | |||||
| Dewey Decimal Classification | Law & Governance lLbrary | Law & Governance lLbrary | General Stacks | 10/26/2021 | 348.022/SIN | LGCLIB00005465 | 10/26/2021 | C4 | 10/26/2021 | Books like text book referance book | |||||
| Dewey Decimal Classification | Law & Governance lLbrary | Law & Governance lLbrary | General Stacks | 11/17/2021 | 348.022/SIN | LGCLIB00005872 | 11/17/2021 | C1 | 11/17/2021 | Books like text book referance book |